000
00195 a2200097 4500
001
4941
100
_a
Low,BB
245
_a
engineering mechanics
260
_a
_b
Longmans
_c
090
_c
4121
_d
4121
942
_a
NUST-CAE
_c
M
_c
30403
999
_c
240014
_d
240014